Estatuderes de las Provincias Unidas de los Países Bajos - Estadísticas

Estadísticas generales
  • Esta prueba ha sido intentada 3 veces
  • La puntuación promedio es 6 de 7
Estadísticas de respuestas
Período Nombre % Correcto
1581-1584 Guillermo I de Orange
100%
1647-1650 Guillermo II de Orange-Nassau
100%
1672-1702 Guillermo III de Orange-Nassau
100%
1747-1751 Guillermo IV de Orange-Nassau
100%
1751-1795 Guillermo V de Orange-Nassau
100%
1585-1625 Mauricio de Nassau
67%
1625-1647 Federico Enrique de Orange-Nassau
33%
No se encontraron pruebas coincidentes
Distribución de puntuación
Porcentaje de gente con cada puntuación
Porcentaje por número respondido
Historial de tus puntuaciones
No has intentado esta prueba.